书目信息 |
| 题名: |
系统工程
|
|
| 作者: | 沈泰昌 主编 | |
| 分册: | ||
| 出版信息: | 杭州 浙江教育出版社 1986 |
|
| 页数: | 412页 | |
| 开本: | 20cm | |
| 丛书名: | 现代管理丛书 | |
| 单 册: | ||
| 中图分类: | N94 | |
| 科图分类: | ||
| 主题词: | 系统工程 | |
| 电子资源: | ||
| ISBN: | ||
| 000 | 00673nam2 2200265 45 | |
| 001 | 0186012708 | |
| 005 | 20040524110448.1 | |
| 010 | @dCNY2.26 | |
| 091 | @a7346.350 | |
| 100 | @a19900818d1986 emky0chiy0121 ea | |
| 101 | 0 | @achi |
| 102 | @aCN@b330000 | |
| 105 | @ay z 000yy | |
| 106 | @ar | |
| 200 | 10 | @a系统工程@Axi tong gong cheng@f沈泰昌主编 |
| 210 | @a杭州@c浙江教育出版社@d1986 | |
| 215 | @a412页@d20cm | |
| 225 | 2 | @a现代管理丛书 |
| 410 | 0 | @120010@a现代管理丛书 |
| 606 | @a系统工程 | |
| 690 | @aN94@v3 | |
| 701 | 0 | @a沈泰昌@Ashen tai chang@4主编 |
| 801 | 0 | @aCN@b深圳图书馆@c20040524 |
| 801 | 2 | @aCN@bNLC@c20040524 |
| 905 | @f1@b204291@dN94@e14 | |
| 系统工程/沈泰昌主编.-杭州:浙江教育出版社,1986 |
| 412页;20cm.-(现代管理丛书) |
| ISBN :CNY2.26 |
| ● |
| 相关链接 |
|
|
|
|
正题名:系统工程
索取号:N94/14
 
预约/预借
| 序号 | 登录号 | 条形码 | 馆藏地/架位号 | 状态 | 备注 |
| 1 | 0204291 | 001234989 | 第三借阅区/ [索取号:N94/14] | 在馆 | |
| 2 | 0204292 | 001234934 | 第二样本阅览室/ [索取号:N94/14] | 在馆 |